कदाचित / (Record no. 116402)

MARC details
000 -LEADER
fixed length control field 00937nam a22002537a 4500
005 - DATE AND TIME OF LATEST TRANSACTION
control field 20170124103038.0
010 ## - LIBRARY OF CONGRESS CONTROL NUMBER
LC control number A-813514
020 ## - INTERNATIONAL STANDARD BOOK NUMBER
Terms of availability 200.00
International Standard Book Number 818582956
035 ## - SYSTEM CONTROL NUMBER
System control number A-813514
037 ## - SOURCE OF ACQUISITION
Source of stock number/acquisition Cen Lib/Ret
040 ## - CATALOGING SOURCE
Original cataloging agency DPL
Language of cataloging HN
082 ## - DEWEY DECIMAL CLASSIFICATION NUMBER
Classification number
Item number भिक्खु
100 ## - MAIN ENTRY--PERSONAL NAME
Personal name भिक्खु
9 (RLIN) 500
245 ## - TITLE STATEMENT
Title कदाचित /
Statement of responsibility, etc भिक्खु
246 ## - VARYING FORM OF TITLE
Title proper/short title Kadachit
Remainder of title by Bhikkhu
260 ## - PUBLICATION, DISTRIBUTION, ETC. (IMPRINT)
Place of publication, distribution, etc दिल्ली
Name of publisher, distributor, etc ज्ञान गंगा प्रकाशन
Date of publication, distribution, etc 1996
270 ## - ADDRESS
Address 205 सी -चावडी बाज़ार
City दिल्ली
Postal code 110006
300 ## - PHYSICAL DESCRIPTION
Extent 323पृष्ठ. :
Dimensions 21सेमी(सजिल्द)
Other physical details चित्र.
650 ## - SUBJECT ADDED ENTRY--TOPICAL TERM
Topical term or geographic name as entry element हिंदी साहित्य
9 (RLIN) 66336
650 ## - SUBJECT ADDED ENTRY--TOPICAL TERM
Topical term or geographic name as entry element हिंदी कहानी
9 (RLIN) 66337
650 ## - SUBJECT ADDED ENTRY--TOPICAL TERM
Topical term or geographic name as entry element Hindi literature
9 (RLIN) 66338
650 ## - SUBJECT ADDED ENTRY--TOPICAL TERM
Topical term or geographic name as entry element hindi story
9 (RLIN) 43117
942 ## - ADDED ENTRY ELEMENTS (KOHA)
Source of classification or shelving scheme Dewey Decimal Classification
Koha item type Hindi Books
Classification part
Call number suffix भिक्खु
Holdings
Withdrawn status Lost status Damaged status Not for loan Home library Current library Date acquired Source of acquisition Cost, normal purchase price Total Checkouts Total Renewals Full call number Barcode Date last seen Date checked out Copy number Cost, replacement price Price effective from Koha item type Source of classification or shelving scheme Public note
        Central Library Central Library 24/08/2015 Cen Lib /Ret 200.00 1 1 क भिक्खु A-813514 11/11/2017 23/10/2017 1 200.00 24/08/2015 Hindi Books    
Written off       Central Library Central Library 31/10/2016   200.00     क भिक्खु A-813507 31/10/2016   2 200.00 31/10/2016 Hindi Books Dewey Decimal Classification Written off on approval by DLB (By Circulation); dtd 15-06-2023

© Delhi Public Library
Hit Counter
free hit counter